Geography Quiz

Random Geography or World Quiz

The Correct Combination: World Countries Quiz Stats

 Plays Quiz Updated May 30, 2018

Score 0/12 Timer 05:00
12 Plays Today
Question Answer Wrong Answers
France France
88%
Poland (wrong capital)
1.7%
Serbia (wrong flag)
4.2%
Bahamas (wrong country)
1.4%
New Zealand New Zealand
78.9%
Austria (wrong capital)
2.9%
Nicaragua (wrong flag)
8.1%
Libya (wrong outline)
5.4%
Ethiopia Ethiopia
65%
Belize (wrong flag)
13.8%
Armenia (wrong country)
6.5%
Cuba (wrong outline)
9.8%
Albania Albania
63.1%
Luxembourg (wrong capital)
10%
Nauru (wrong outline)
5.8%
Kenya (wrong flag)
16%
Namibia Namibia
59.8%
Bangladesh (wrong flag)
14.1%
Romania (wrong country)
6.1%
Malaysia (wrong outline)
14.8%
Belarus Belarus
57.8%
Canada (wrong capital)
6.4%
Comoros (wrong capital)
5.9%
Norway (wrong outline)
25.2%
Cambodia Cambodia
53%
Burundi (wrong capital)
7.5%
Iceland (wrong flag)
23.6%
Kazakhstan (wrong outline)
11%
Guyana Guyana
52.5%
Chile (wrong capital)
18.8%
Kuwait (wrong capital)
5.6%
Slovakia (wrong country)
18.2%
Saint Lucia Saint Lucia
48%
Gambia (wrong country)
9.9%
Tajikistan (wrong country)
21.3%
Gabon (wrong outline)
15.4%
Iraq Iraq
47.7%
Bhutan (wrong capital)
4.2%
Egypt (wrong flag)
30.6%
Vatican City (wrong outline)
12.9%
Burkina Faso Burkina Faso
41.5%
Malta (wrong flag)
15.8%
Uruguay (wrong capital)
12.2%
Latvia (wrong outline)
25.6%
Kyrgyzstan Kyrgyzstan
39.4%
China (wrong flag)
31.3%
Dominica (wrong country)
13.1%
Niger (wrong country)
11.6%

You're not logged in!

Compare scores with friends on all Sporcle quizzes.
OR
Log In

Sporcle TV

Today on Sporcle TV


Watch our educational content, quiz creation guides, and fun videos on Sporcle TV.

Show Comments

Extras

Top Quizzes Today


Score Distribution

Your Account Isn't Verified!

In order to create a playlist on Sporcle, you need to verify the email address you used during registration. Go to your Sporcle Settings to finish the process.

Report this User

Report this user for behavior that violates our Community Guidelines.

Details: